Algunas miradas al libro y a la edición en Colombia (Registro nro. 17593)
[ vista simple ]
| 000 -CABECERA | |
|---|---|
| Campo de control | 00708nab a22001937a 4500 |
| 005 - FECHA Y HORA DE LA ULTIMA TRANSACCION | |
| Campo de control | 20150715120937.0 |
| 008 - ELEMENTOS DE LONGITUD FIJA—INFORMACION GENERAL | |
| Campo de control | 150715b2014 ck |||||r|||| 00| 0 spa d |
| 040 ## - FUENTE DE CATALOGACIÓN | |
| Agencia catalogadora original | CO-BoIAVH |
| Agencia transcriptora | CO-BoIAVH |
| 041 ## - IDIOMA | |
| Código de idioma para texto/pista de sonido o título separado | Español |
| 044 ## - PAÍS DE PUBLICACIÓN | |
| País de publicación | Colombia |
| 245 ## - MENCION DE TITULO | |
| Título | Algunas miradas al libro y a la edición en Colombia |
| 260 3# - PUBLICACION, DISTRIBUCION, ETC. (PIE DE IMPRENTA) | |
| Lugar de publicación, distribución, etc. | Bogotá (Colombia): |
| Nombre del editor, distribuidor, etc. | Biblioteca Luis Ángel Arango, |
| Fecha de publicación, distribución, etc. | 2014. |
| 300 ## - DESCRIPCION FISICA | |
| Extensión | Año 2014, Nro 86, Pags. 66-99 |
| Otros detalles físicos | ilustaciones. |
| 650 #4 - ASIENTO SECUNDARIO DE MATERIA - TERMINO TEMATICO | |
| Término temático o nombre geográfico como elemento de entrada | Edición de documentos |
| 650 #4 - ASIENTO SECUNDARIO DE MATERIA - TERMINO TEMATICO | |
| Término temático o nombre geográfico como elemento de entrada | Diseño de libros. |
| 710 1# - ASIENTO SECUNDARIO - NOMBRE CORPORATIVO | |
| Nombre corporativo o de jurisdicción como elemento de entrada | Biblioteca Luis Ángel Arango (Bogotá) |
| 773 0# - Item fuente: | |
| Lugar, editorial y fecha de publicación | Bogotá Biblioteca Luis Angel Arango. 1958 - |
| Otro identificador del ítem - Codigo de Barras | 042078 |
| Título | Boletín cultural y bibliográfico BLAA |
| 942 ## - ELEMENTOS ADICIONALES (KOHA) | |
| Sistema de clasificación | Local |
| Tipo de ítem | Artículo |
| Withdrawn status | Lost status | Sistema de Clasificación | Damaged status | No para préstamo | Colección | Fecha publicación (Año) | Volumen revista | Número revista | Ubicación Permanente | Ubicación actual | Fecha de adquisición | Datos de publicación Seriada | Total Checkouts | Inventario / Código de Barras | Date last seen | Price effective from | Forma de adquisición | Tipo de material |
|---|---|---|---|---|---|---|---|---|---|---|---|---|---|---|---|---|---|---|
| Local | No para Préstamo | Hemeroteca | 2014 | 48 | 86 | Bogotá | Bogotá | 15/07/2015 | Fuera de circulación | AUTO_29559 | 15/07/2015 | 15/07/2015 | Canje | Artículo |